Nad jaką rzeką leży... (Europa) - Statystyki

Ogólne statystyki
  • Ten quiz został rozwiązany 73 razy
  • Średni wynik to 10 z 20
Statystyki odpowiedzi
Miasto: Państwo: Rzeka: % Poprawnych
Nowy Sad Serbia Dunaj
87%
Rouen Francja Sekwana
84%
Kazań Rosja Wołga
82%
Rotterdam Holandia Ren
81%
Mohylew Białoruś Dniepr
79%
Magdeburg Niemcy Łaba
71%
Druskieniki Litwa Niemen
68%
Toledo Hiszpania Tag
65%
Reading Wielka Brytania Tamiza
65%
Cremona Włochy Pad
63%
Dyneburg Łotwa Dźwina
56%
Awinion Francja Rodan
54%
Innsbruck Austria Inn
38%
Czeskie Budziejowice Czechy Wełtawa
35%
Magnitogorsk Rosja Ural
31%
Liege Belgia Moza
21%
Orzeł Rosja Oka
18%
Budziszyn Niemcy Sprewa
16%
Werona Włochy Adyga
15%
Kołomyja Ukraina Prut
15%
Nie znaleziono quizów pasujących do podanych kryteriów
Rozkład punktacji
Procent ludzi z każdym wynikiem
Percentyl według liczby udzielonych odpowiedzi
Twoja historia wyników
Nie rozwiązałeś tego quizu